Behaviour of the Czech Internet Heavy Users in Online Social Media Environment

Guardado en:
Detalles Bibliográficos
Autor principal: Tomek, Ivan
Otros Autores: Hasprová, Mária, 1970-, Zamazalová, Marcela, Karlíček, Miroslav
Formato: Capítulo de libro
Lenguaje:inglés
Etiquetas: Agregar Etiqueta
Sin Etiquetas, Sea el primero en etiquetar este registro!

MARC

LEADER 00000naa a2200000 4500
001 0213942
005 20240502083537.0
041 0 |a eng 
044 |a LT 
245 1 0 |a Behaviour of the Czech Internet Heavy Users in Online Social Media Environment  |c Ivan Tomek, Mária Hasprová, Marcela Zamazalová, Miroslav Karlíček 
100 1 |a Tomek, Ivan 
700 1 |a Hasprová, Mária, 1970- 
700 1 |a Zamazalová, Marcela 
700 1 |a Karlíček, Miroslav